000 00779nam a2200205Ia 4500
005 20241129111247.0
008 241129s9999||||xx |||||||||||||| ||und||
037 _aTB
040 _aCRL
_bpun
_cCRL
041 _apun
_2pun
084 _aO153,1:gN R3
_qCRL
100 _aਸੰਧੂ, ਗੁਰਪਾਲ ਸਿੰਘ, ਥਦ।
245 0 _aਸਮਕਾਲੀ ਪਰਵਾਸੀ ਪੰਜਾਬੀ ਕਵਿਤਾ
_cਸੰਧੂ, ਗੁਰਪਾਲ ਸਿੰਘ, ਥਦ।
260 _aਚੰਡੀਗੜ੍ਹ, ਭਾਰਤ
_bਚੰਡੀਗੜ੍ਹ ਲੋਕਗੀਤ ਪ੍ਰਕਾਸ਼ਨ
_c2023
300 _a181ਪ੍ਰ0
365 _aINR
_b350
650 _aPunjabi LiteraturePoetry
_9726276
942 _cTB
_hO153,1:gN R3
999 _c1229625
_d1229625